000 00478ntaaa2200193 4500
003 01
005 20251027202042.0
008 0714s1973 ag 01
040 _aAR-BaBN
_bspa
_cAR-BaBN
_eaacr
_dRIC
082 _a251.0100 Sa5
100 _aSanford, Jack D
_919116
245 _aMake your preaching relevant
250 _a1 ed.
260 _aNashville :
_bBroadman Press,
_c<c>1963
300 _a93 p
500 _aAutor bautista
650 _ahomilética
_91351
942 _cBK
999 _c15325
_d15325